| 000 | 00368nam a2200157Ia 4500 | ||
|---|---|---|---|
| 008 | 210210b1924 xxu||||| |||| 00| 0 eng d | ||
| 041 | _aeng | ||
| 082 | _a425/322 | ||
| 100 | _aWATSON (Alexander) | ||
| 245 | _aSpeak out | ||
| 260 |
_aLondon _bGeorge G Harrap & Co Ltd. _c1924 |
||
| 650 | _aSpeak | ||
| 650 | _aout | ||
| 690 | _aEnglish Language | ||
| 906 | _a006098 | ||
| 999 |
_c129132 _d129132 |
||